| 000 | 00953nam a2200265 a 4500 | ||
|---|---|---|---|
| 001 | 12879 | ||
| 003 | BD-JhCC | ||
| 005 | 20230530200351.0 | ||
| 008 | 171023s2021 bg |||| ||a| 000 0 ben d | ||
| 020 | _a9789849444503 | ||
| 035 | _a(BD-JhCC)12878 | ||
| 040 |
_aBD-JhCC _dBD-JhCC |
||
| 041 | _aben | ||
| 082 |
_a891.4409 _bKBR 2021 |
||
| 100 | _aকবির, আহসানুল | ||
| 245 |
_aপুরোধা বাঙালি বঙ্গবন্ধু মুজিব ও বিদ্রোহী নজরুল / _cআহসানুল কবির |
||
| 260 |
_aঢাকা : _bবেগবতী প্রকাশনী, _c২০২১. |
||
| 300 |
_a২৫৫ : _c২১ সেমি. |
||
| 504 | _aগ্রন্থপঞ্জি অর্ন্তভূক্ত। | ||
| 600 | _aIslam, Kazi Najrul | ||
| 600 | _aRahaman, Shekh Mujibur | ||
| 650 |
_aBengali Literature _xLiterature |
||
| 942 |
_2ddc _cBK |
||
| 999 |
_c12879 _d12879 |
||